Business organization (Record no. 77932)

MARC details
000 -LEADER
fixed length control field 01047nam a2200205 a 4500
008 - FIXED-LENGTH DATA ELEMENTS--GENERAL INFORMATION
fixed length control field 120416s1987 ||||||||||||||||| || u
050 ## - LIBRARY OF CONGRESS CALL NUMBER
Classification number HD 31 Gra
100 ## - MAIN ENTRY--PERSONAL NAME
Personal name Penney, George
245 10 - TITLE STATEMENT
Title Business organization
Statement of responsibility, etc. edited by George Penney
260 ## - PUBLICATION, DISTRIBUTION, ETC.
Place of publication, distribution, etc. Manchester
Name of publisher, distributor, etc. NCC Publication
Date of publication, distribution, etc. 1987
300 ## - PHYSICAL DESCRIPTION
Extent 311p. : ill
350 ## -
-- 0.00
650 ## - SUBJECT ADDED ENTRY--TOPICAL TERM
Topical term or geographic name entry element BUSINESS ORGANIZATION
650 #0 - SUBJECT ADDED ENTRY--TOPICAL TERM
Topical term or geographic name entry element BUSINESS
700 ## - ADDED ENTRY--PERSONAL NAME
Personal name Gray, John
995 ## -
-- MAIN LIBRARY OPEN ACCESS
-- 0.00
-- 721138
-- CBU-MAIN LIBRARY (Kitwe)
-- 1
-- 9.50
-- HD 31 Gra
-- 1
-- AVAILABLE
-- 000491
-- Main Library Open Access Collection
995 ## -
-- MAIN LIBRARY OPEN ACCESS
-- 0.00
-- 721136
-- CBU-MAIN LIBRARY (Kitwe)
-- 3
-- 9.50
-- HD 31 Gra
-- 3
-- LOST
-- 721136
-- Main Library Open Access Collection
995 ## -
-- MAIN LIBRARY OPEN ACCESS
-- 0.00
-- 721137
-- CBU-MAIN LIBRARY (Kitwe)
-- 4
-- 9.50
-- HD 31 Gra
-- 4
-- LOST
-- 721137
-- Main Library Open Access Collection
995 ## -
-- MAIN LIBRARY OPEN ACCESS
-- 0.00
-- 721135
-- CBU-MAIN LIBRARY (Kitwe)
-- 2
-- 9.50
-- HD 31 Gra
-- 2
-- AVAILABLE
-- 019032
-- Main Library Open Access Collection
999 ## -
-- 77932
-- 77932
Holdings
Withdrawn status Lost status Source of classification or shelving scheme Damaged status Not for loan Permanent Location Current Location Shelving location Date acquired Total Checkouts Full call number Barcode Date last seen Copy number Price effective from Koha item type
          CBU-MAIN LIBRARY, KITWE. CBU-MAIN LIBRARY, KITWE.   05/03/2023   HD 31 Gra 000491 05/03/2023 1 05/03/2023 MONOGRAPH
          CBU-MAIN LIBRARY, KITWE. CBU-MAIN LIBRARY, KITWE.   05/03/2023   HD 31 Gra 721136 05/03/2023 2 05/03/2023 MONOGRAPH
          CBU-MAIN LIBRARY, KITWE. CBU-MAIN LIBRARY, KITWE.   05/03/2023   HD 31 Gra 721137 05/03/2023 3 05/03/2023 MONOGRAPH
          CBU-MAIN LIBRARY, KITWE. CBU-MAIN LIBRARY, KITWE.   05/03/2023   HD 31 Gra 019032 05/03/2023 4 05/03/2023 MONOGRAPH